000 00310nam a22001337a 4500
008 181029b xxu||||| |||| 00| 0 eng d
020 _a9785090089609
041 _aeng
080 _a531
100 _a531
101 _aFIZ
245 _aCollege Physics Puting It All Together
_cRon.H
942 _2udc
_cBK
999 _c51008
_d51008